Online
Catalog

Ley No. 502-08 del libro y bibliotecas. (Record no. 29308)

MARC details
000 -CABECERA
campo de control de longitud fija 01025nam a2200265 u 4500
001 - NÚMERO DE CONTROL
campo de control 000029816
005 - FECHA Y HORA DE LA ÚLTIMA TRANSACCIÓN
campo de control 20200930055828.0
008 - DATOS DE LONGITUD FIJA--INFORMACIÓN GENERAL
campo de control de longitud fija 100806s2010 dr r 000 0 spa d
040 ## - FUENTE DE LA CATALOGACIÓN
Centro catalogador/agencia de origen DO-SdBNP
Lengua de catalogación spa
Centro/agencia transcriptor BNPHU
082 ## - NÚMERO DE LA CLASIFICACIÓN DECIMAL DEWEY
Número de clasificación 344.092
Número de documento/Ítem R426L, 2010
110 1# - ENTRADA PRINCIPAL--NOMBRE DE ENTIDAD CORPORATIVA
Nombre de entidad corporativa o nombre de jurisdicción como elemento de entrada República Dominicana
9 (RLIN) 447
240 13 - TÍTULO UNIFORME
Título uniforme [Leyes, etc.]
245 10 - MENCIÓN DE TÍTULO
Título Ley No. 502-08 del libro y bibliotecas.
246 14 - FORMA VARIANTE DE TÍTULO
Título propio/Titulo breve Ley del libro y bibliotecas
260 ## - PUBLICACIÓN, DISTRIBUCIÓN, ETC.
Lugar de publicación, distribución, etc. Santo Domingo :
Nombre del editor, distribuidor, etc. Biblioteca Nacional Pedro Henríquez Ureña,
Fecha de publicación, distribución, etc. 2010.
Fabricante Editora Búho
300 ## - DESCRIPCIÓN FÍSICA
Extensión xxiv, 82 p. ;
Dimensiones 23 cm.
490 1# - MENCIÓN DE SERIE
Mención de serie Popular
581 ## - NOTA DE PUBLICACIONES SOBRE LOS MATERIALES DESCRITOS
Nota de publicaciones sobre los materiales descritos Publicado en: Gaceta Oficial. Año CXLVI, No. 10502, Santo Domingo de Guzmán, D. N., República Dominicana, 30 de diciembre de 2008.
590 ## - NOTA LOCAL (RLIN)
Nota local Inventariado,2018/DG
650 #4 - PUNTO DE ACCESO ADICIONAL DE MATERIA--TÉRMINO DE MATERIA
Término de materia o nombre geográfico como elemento de entrada Bibliotecas
Subdivisión general Legislación
Subdivisión geográfica República Dominicana
9 (RLIN) 36651
650 #4 - PUNTO DE ACCESO ADICIONAL DE MATERIA--TÉRMINO DE MATERIA
Término de materia o nombre geográfico como elemento de entrada Libro
Subdivisión general Legislación
Subdivisión geográfica República Dominicana
9 (RLIN) 36652
650 #4 - PUNTO DE ACCESO ADICIONAL DE MATERIA--TÉRMINO DE MATERIA
Término de materia o nombre geográfico como elemento de entrada Legislación bibliotecaria
9 (RLIN) 36653
830 #0 - PUNTO DE ACCESO ADICIONAL DE SERIE-TÍTULO UNIFORME
Título uniforme Popular
9 (RLIN) 13374
910 ## - DATOS DE OPCIÓN DEL USUARIO (OCLC)
Datos de opción del usuario Validado. Control de calidad BNPHU
Holdings
Estado de retiro Estado de pérdida Restricciones de uso No para préstamo Código de colección Localización permanente Ubicación/localización actual Ubicación en estantería Fecha de adquisición Número de inventario Total de préstamos Signatura topográfica completa Código de barras Fecha visto por última vez Número de copia Precio válido a partir de Tipo de ítem Koha
        Dominicana de Servicio General General Depósito 27.04.2011 LF1   344.092 R426L, 2010 29816-30 25.06.2020 e. 3 25.06.2020 Libro y Folleto Colección Dominicana de Servicio
        Dominicana de Servicio General General Depósito 03.05.2011 LF1   344.092 R426L, 2010 29816-40 25.06.2020 e. 4 25.06.2020 Libro y Folleto Colección Dominicana de Servicio
        Dominicana de Servicio General General Depósito 03.05.2011 LF1   344.092 R426L, 2010 29816-50 25.06.2020 e. 5 25.06.2020 Libro y Folleto Colección Dominicana de Servicio
      Excluido de préstamo Patrimonio Dominicano Patrimonio Dominicano Patrimonio Dominicano Depósito 26.04.2011 LF1   344.092 R426L, 2010 29816-10 25.06.2020   25.06.2020 Libro y Folleto Colección Patrimonio Dominicano
      Excluido de préstamo Patrimonio Dominicano Patrimonio Dominicano Patrimonio Dominicano Depósito 26.04.2011 LF1   344.092 R426L, 2010 29816-20 25.06.2020 e. 2 25.06.2020 Libro y Folleto Colección Patrimonio Dominicano

Powered by Koha